Luck-Sudden death - Statistics

General Stats
  • This quiz has been taken 299 times
  • The average score is 5 of 16
Answers on the Grid
Answers color-coded by a green-red scale on the quiz's grid according to % correct below.
?
?
?
?
?
?
?
?
?
?
?
?
?
?
?
?
?
?
?
?
?
?
?
?
?
?
?
?
?
?
 
Answer Stats
Answer % Correct
?
46%
?
41%
?
40%
?
40%
?
38%
?
38%
?
38%
?
33%
?
32%
?
32%
?
32%
?
30%
?
30%
?
29%
?
25%
?
22%
No matching quizzes found
Score Distribution
Percent of People with Each Score
Percentile by Number Answered
Your Score History
You have not taken this quiz